LEADER 00985nam0-22002891i-450- 001 990000148180403321 035 $a000014818 035 $aFED01000014818 035 $a(Aleph)000014818FED01 035 $a000014818 100 $a20011111d--------km-y0itay50------ba 101 0 $aita 105 $ay-------001yy 200 1 $aPer l'istruzione elementare e per la scuola popolare$ediscorso del ministro dell'istruzione pubblica pronunziato nellatornata del 16 marzo 1908$fLuigi Rava. 210 $aRoma$cTipografia della Camera dei deputati$d1908 215 $a58 p.$d23 cm 300 $aIn testa al front.: Camera dei deputati 702 1$aRava,$bLuigi 710 02$aItalia.$bMinistero della pubblica istruzione$0354240 801 0$aIT$bUNINA$gRICA$2UNIMARC 901 $aBK 912 $a990000148180403321 952 $a13 MISC 402 12$b10748$fFINBC 959 $aFINBC 996 $aPer l'istruzione elementare e per la scuola popolare$9120760 997 $aUNINA DB $aING01 LEADER 01532nam--2200445---450- 001 990002807500203316 005 20091117110707.0 010 $a1-84376-480-6 035 $a000280750 035 $aUSA01000280750 035 $a(ALEPH)000280750USA01 035 $a000280750 100 $a20060905h2004----km-y0itay50------ba 101 $aeng 102 $aGB 105 $ay|||||||001yy 200 1 $aBanking and insurance in the New China$ecompetition and the challenge of accession to the WTO$fChien-Hsun Chen and Hui-Tzu Shih 210 $aCheltenham [etc.]$cE. Elgar$dcopyr. 2004 215 $aXIV, 166 p.$c25 cm 225 2 $aAdvances in chinese economic studies 410 0$12001$aAdvances in chinese economic studies 606 0 $aBanche$yCina 606 0 $aWorld Trade Organization 676 $a332.10951 700 1$aCHIEN,$bChien-Hsun$0594648 701 1$aSHIH,$bHui-Tzu$0594649 801 0$aIT$bsalbc$gISBD 912 $a990002807500203316 951 $aXXIII.2.C. 258 (IG VIII 10 ING 912)$b51180 G.$cXXIII.2.C. 258 (IG VIII)$d00132188 959 $aBK 969 $aGIU 979 $aPATRY$b90$c20060905$lUSA01$h1326 979 $aPATRY$b90$c20060906$lUSA01$h0919 979 $aPATRY$b90$c20060906$lUSA01$h1127 979 $aANNAMARIA$b90$c20060907$lUSA01$h1335 979 $aANNAMARIA$b90$c20060908$lUSA01$h0828 979 $aGIUSY$b90$c20080418$lUSA01$h1233 979 $aRSIAV4$b90$c20091117$lUSA01$h1107 996 $aBanking and insurance in the New China$9995220 997 $aUNISA